[Event "TUR-chT 2nd League"]
[Site "Denizli"]
[Date "2023.07.10"]
[Round "2.166"]
[White "Callioglu, Yigit Sarp"]
[Black "Akinci, Emirhan"]
[Result "1-0"]
[WhiteElo "1541"]
[BlackElo "1561"]
[PlyCount "53"]
[EventDate "2023.07.09"]
[EventType "team-swiss"]
[EventRounds "9"]
[EventCountry "TUR"]
[SourceTitle "CBM 215 Extra"]
[Source "ChessBase"]
[SourceDate "2023.09.30"]
[SourceVersion "1"]
[SourceVersionDate "2023.09.30"]
[SourceQuality "1"]
[WhiteTeam "Pamukkale Yonetimi"]
[BlackTeam "Denizli Gelisim"]
[WhiteTeamCountry "TUR"]
[BlackTeamCountry "TUR"]

1. e4 c5 2. Nf3 a6 3. d4 cxd4 4. Nxd4 e6 5. Bd3 Nf6 6. 0-0 d6 7. Qe2 Qc7 8. Be3 Be7 9. c4 b6 10. Nc3 Bb7 11. Rac1 Nbd7 12. Rfd1 0-0 13. f3 Rfd8 14. b4 Rac8 15. Na4 Ba8 16. c5 b5 17. c6 Ne5 18. Bxb5 Qb8 19. Bxa6 Rxc6 20. Nxc6 Nxc6 21. b5 Nb4 22. Qc4 d5 23. Qc7 Nxa6 24. bxa6 Qxc7 25. Rxc7 Bd6 26. Rcc1 dxe4 27. Rxd6 1-0

[Event "TUR-ch Youth"]
[Site "Denizli"]
[Date "2022.05.29"]
[Round "9"]
[White "Atik, Muhammed Ihsan"]
[Black "Akinci, Emirhan"]
[Result "1-0"]
[WhiteElo "1685"]
[BlackElo "1424"]
[PlyCount "56"]
[EventDate "2022.05.24"]
[EventType "swiss"]
[EventRounds "9"]
[EventCountry "TUR"]
[SourceTitle "EXT 2023"]
[Source "ChessBase"]
[SourceDate "2022.10.05"]
[SourceVersion "1"]
[SourceVersionDate "2022.10.05"]
[SourceQuality "1"]

1. d4 Nf6 2. Bg5 Ne4 3. h4 g6 4. Nd2 Nxg5 5. hxg5 Bg7 6. Ngf3 d6 7. e3 Nd7 8. c3 c5 9. Qc2 a6 10. Bd3 b5 11. Rh4 Bb7 12. 0-0-0 c4 13. Be2 Qa5 14. Kb1 d5 15. e4 e6 16. exd5 exd5 17. Re1 Kd8 18. Rf4 f5 19. gxf6 Bxf6 20. Bf1 Qc7 21. g3 Qd6 22. Bh3 Bc8 23. Re6 Qf8 24. Ne5 Qg7 25. Nxd7 Bxd7 26. Rd6 Re8 27. Nf3 Ra7 28. Bxd7 Be7 1-0

[Event "TUR-ch Youth"]
[Site "Denizli"]
[Date "2022.05.26"]
[Round "5"]
[White "Akinci, Emirhan"]
[Black "Akdag, Omer Amir"]
[Result "0-1"]
[WhiteElo "1424"]
[BlackElo "1960"]
[PlyCount "62"]
[EventDate "2022.05.24"]
[EventType "swiss"]
[EventRounds "9"]
[EventCountry "TUR"]
[SourceTitle "EXT 2023"]
[Source "ChessBase"]
[SourceDate "2022.10.05"]
[SourceVersion "1"]
[SourceVersionDate "2022.10.05"]
[SourceQuality "1"]

1. Nf3 Nf6 2. g3 g6 3. Bg2 Bg7 4. 0-0 0-0 5. c4 d5 6. cxd5 Qxd5 7. Nc3 Qh5 8. Qb3 Nc6 9. d3 Rb8 10. Rd1 Bh3 11. Qb5 e5 12. Qc4 Ng4 13. Ne4 Nd4 14. Neg5 b5 15. Qc5 Nxe2+ 16. Kh1 Nxh2 17. Nxh2 Nxg3+ 18. fxg3 Qxd1+ 19. Qg1 Bxg2+ 20. Kxg2 Qxd3 21. Qe3 Rfd8 22. Nhf3 h6 23. Ne4 f5 24. Nc5 Qc2+ 25. Nd2 Kh7 26. Qb3 Rxd2+ 27. Bxd2 Qxd2+ 28. Kh3 g5 29. g4 fxg4+ 30. Kxg4 Qg2+ 31. Qg3 h5+ 0-1